000
00298nam a2200121Ia 4500
008
191201s2013 xx 000 0 und d
100
_a
SINGH,Harpreet
245
0
_a
Hydraulics and fluid Mechanics
250
_a
Rep
260
_c
2013
_b
Eagle Pub.
_a
NEW DELHI
300
_a
192+29
942
_2
ddc
_c
BK
_0
1
999
_c
8120
_d
8120